000 00851nam a2200277Ia 4500
003 OSt
005 20220928131027.0
006 a|||||r|||| 00| 0
007 ta
008 220927b |||||||| |||| 00| 0 eng d
020 _c5024.9660999999996
024 _a114473
037 _b181, 06/01/2012, Classic Book Service
_cTextual
040 _aSDCL
_cSDCL
_beng
041 _2eng
_aeng
082 _aB286, Q2
100 _aWoodward Wayne A
_9455028
245 0 _aApplied time series analysis.
260 _aBoca Raton
_b CRC Press
_c2012
300 _axxiii,540p
_ccm.
650 _aFinancial Studies
700 _a Elliott Alan C
_9455029
700 _a Gray Henry L
_9455030
942 _hB286, Q2
_cTEXL
_2CC
999 _c789292
_d789292